TOP 20 Countries with the highest percentage of forest cover - Statistics

General Stats
  • This quiz has been taken 8 times
  • The average score is 13 of 20
Answer Stats
Answer % Correct
Finland
100%
Sweden
100%
Gabon
88%
Papua New Guinea
88%
Suriname
88%
Guyana
75%
Japan
75%
Republic of the Congo
75%
Solomon Islands
75%
Brunei
63%
Colombia
63%
Equatorial Guinea
63%
Palau
63%
Samoa
63%
South Korea
63%
Laos
50%
North Korea
50%
Austria
38%
Micronesia
38%
Slovenia
13%
No matching quizzes found
Score Distribution
Percent of People with Each Score
Percentile by Number Answered
Your Score History
You have not taken this quiz